=LDR 00000nam 2200000 4500 =001 INLIS000000000025414 =005 20130612123926 =008 ***********************************Ind** =035 ##$$0010-061300000025414 =041 ##$$a Ind =082 ##$$a 2x3.412 =090 ##$$a 2x3.412, Qor s =100 ##$$a Al Qorni, Aidh =245 ##$$a Sifat sholat nabi, Aidh Al Qorni =260 ##$$a 2006 $b Solo =300 ##$$a 145 hlm, 21 cm =650 ##$$a Sifat sholat nabi =850 ##$$a NBPNMAT =990 ##$$a 0001/BPAP-NTB/2015 =990 ##$$a 0003/PA/2013